Catálogo

Los 7 hábitos de la gente altamente efectiva : (Registro nro. 29490)

Detalles MARC
000 -LEADER
fixed length control field 01276nam a2200265 a 4500
001 - CONTROL NUMBER
control field 29490
003 - CONTROL NUMBER IDENTIFIER
control field Mx-PuUPA
005 - DATE AND TIME OF LATEST TRANSACTION
control field 20240626105651.0
008 - FIXED-LENGTH DATA ELEMENTS--GENERAL INFORMATION
fixed length control field 140415s1990 sp 000 0 spa d
020 ## - INTERNATIONAL STANDARD BOOK NUMBER
International Standard Book Number 9680456674
040 ## - CATALOGING SOURCE
Transcribing agency Mx-PuUPA
041 ## - LANGUAGE CODE
Language code of text/sound track or separate title spa
082 ## - DEWEY DECIMAL CLASSIFICATION NUMBER
Classification number 658.4094
Item number COV
100 1# - MAIN ENTRY--PERSONAL NAME
Personal name Covey, Stephen R.,
Dates associated with a name 1932-2012
Relator term autor
9 (RLIN) 2440
245 14 - TITLE STATEMENT
Title Los 7 hábitos de la gente altamente efectiva :
Remainder of title la revolución ética en la vida cotidiana y en la empresa.
250 ## - EDITION STATEMENT
Edition statement Nueva edición revisada y ampliada
260 ## - PUBLICATION, DISTRIBUTION, ETC.
Place of publication, distribution, etc. España :
Name of publisher, distributor, etc. Paidos,
Date of publication, distribution, etc. 1990.
300 ## - PHYSICAL DESCRIPTION
Extent 380 páginas ;
Dimensions 21 cm.
336 ## - CONTENT TYPE
Content type term texto
Source rdacontent
337 ## - MEDIA TYPE
Media type term sin mediación
Source rdamedia
338 ## - CARRIER TYPE
Carrier type term volumen
Source rdacarrier
520 ## - SUMMARY, ETC.
Summary, etc. DESDE 1991 EN LA LISTA SEMANAL DE LIBROS MÁS VENDIDOS DEL PUBLISHERS WEEKLY (Y A MENUDO ENCABEZÁNDOLA), ESTE INDISCUTIBLE BEST-SELLER SE MERECÍA UNA PUESTA AL DÍA, Y ESO ES LO QUE HA HECHO SU AUTOR CON ESTA NUEVA EDICIÓN: LA ESTRUCTURA GENERAL NO CAMBIA -HUBIERA RESULTADO ABSURDO, DADO SU ALTO GRADO DE EFECTIVIDAD-, SÓLO SE AMPLÍA, SE EXTIENDE HACIA NUEVOS TEMAS Y DETALLES QUE EL LECTOR SIN DUDA AGRADECERÁ. EL PUNTO DE PARTIDA GENERAL, PUES, SIGUE SIENDO EL MISMO: EL HECHO INELUDIBLE D
650 14 - SUBJECT ADDED ENTRY--TOPICAL TERM
Topical term or geographic name entry element Administración
942 ## - ADDED ENTRY ELEMENTS (KOHA)
Source of classification or shelving scheme Dewey Decimal Classification
Koha item type Libro
Existencias
Withdrawn status Lost status Source of classification or shelving scheme Damaged status Not for loan Collection code Home library Current library Shelving location Date acquired Source of acquisition Total Checkouts Full call number Barcode Date last seen Date last checked out Price effective from Koha item type
    Dewey Decimal Classification     General Tehuacán Tehuacán Sala general 12/09/2016 Compra   658.4094 COV 1996 510293 08/01/2025 04/03/2017 12/09/2016 Libro
    Dewey Decimal Classification     General Tehuacán Tehuacán Sala general 03/12/2013 Compra 1 658.4094 COV 508066 08/01/2025 06/12/2014 03/12/2013 Libro